Normal view
MARC view
- ابي الدنيا، الحافظ ابي بكر عبدالله بن محمد بن عبيد؛ عطا، مصطفى عبد القادر دراسة وتحقيق
Entry Personal Name
001 - CONTROL NUMBER
- control field: 38082
003 - CONTROL NUMBER IDENTIFIER
- control field: JO-AjAnu
005 - DATE AND TIME OF LATEST TRANSACTION
- control field: 20230606080338.0
008 - FIXED-LENGTH DATA ELEMENTS
- fixed length control field: 230606|| aca||aabn | a|a d
040 ## - CATALOGING SOURCE
- Original cataloging agency: JO-AjAnu
- Transcribing agency: JO-AjAnu
100 ## - HEADING--PERSONAL NAME
- Personal name: ابي الدنيا، الحافظ ابي بكر عبدالله بن محمد بن عبيد؛ عطا، مصطفى عبد القادر دراسة وتحقيق
670 ## - SOURCE DATA FOUND
- Source citation: Work cat.: (JO-AjAnu)19538: ابي الدنيا، الحافظ ابي بكر عبدالله بن محمد بن عبيد؛ عطا، مصطفى عبد القادر دراسة وتحقيق, author, الإشراف على مناقب الأشراف